Personnages de Dragon Ball par images - Version Difficile - Statistiques

Statistiques générales
  • Ce quiz a été pris 3 129 fois
    1 078 depuis la dernière actualisation
  • Le résultat moyen est 42 sur 56
Statistiques - réponses
Par images Réponse % Correct
Sangoku
99%
Freezer
98%
Majin Boo
98%
Piccolo
98%
Vegeta
98%
Bulma
97%
Cell
97%
Krillin
97%
Sangohan
97%
C-18
96%
Trunks
96%
Tortue Géniale
95%
Chichi
94%
Mr. Satan
94%
C-17
93%
Sangoten
93%
C-16
90%
Shenron
89%
Yam
88%
Yamcha
86%
Ten Shin Han
85%
Raditz
84%
Maître Kaiô du Nord
83%
Nappa
83%
Dr. Gero
82%
Videl
80%
Tao Pai Pai
79%
Babidi
77%
Pan
76%
Yajirobe
75%
Oolong
74%
Mr. Popo
73%
Dende
72%
Le Tout-Puissant
72%
Chaozu
71%
Kaiô Shin de l'Est
71%
Dâbra
69%
Oob
67%
Capitaine Ginyû
66%
Baba la voyante
65%
Maître Karin
65%
Pilaf
59%
Dodoria
58%
Reecom
58%
Guldo
57%
Puerh
57%
Zâbon
57%
Lunch
54%
Spopovitch
54%
Burter
52%
Jeese
49%
Kibito
47%
Dr. Brief
32%
Bubbles
30%
Gyûmaô
30%
Général Red
28%
Aucun quiz correspondant
Distribution des résultats
% des personnes avec chaque résultat
Percentile par nombre de réponses
Votre historique - résultats
Vous n’avez pas pris ce quiz depuis la dernière actualisation